[Event "Baku Open 2023"]
[Site "Baku AZE"]
[Date "2023.05.04"]
[Round "1.1"]
[White "Divya, Deshmukh"]
[Black "Niemann, Hans Moke"]
[Result "0-1"]
[WhiteTitle "WGM"]
[BlackTitle "GM"]
[WhiteElo "2372"]
[BlackElo "2706"]
[WhiteFideId "35006916"]
[BlackFideId "2093596"]
[EventDate "2023.05.04"]

1. e4 c5 2. Nf3 d6 3. d4 cxd4 4. Nxd4 Nf6 5. Nc3 a6 6. Be3 e5 7. Nf3 Be7 8. Bc4
O-O 9. Qe2 b5 10. Bd5 Nxd5 11. Nxd5 Bb7 12. Bb6 Qd7 13. Nc7 Qc6 14. Nxa8 Bxa8
15. Ba7 Nd7 16. O-O Qb7 17. Be3 Qxe4 18. Rfd1 f5 19. Qd3 Qg4 20. Ne1 f4 21. f3
Qh5 22. Bf2 e4 23. fxe4 Ne5 24. Qb3+ Kh8 25. Qe6 Qe8 26. Nf3 Rf6 27. Qb3 Bxe4
28. Nxe5 dxe5 29. Re1 Qa8 30. Rxe4 Qxe4 31. Re1 Qf5 32. Qd5 Qxc2 33. Rxe5 Bf8
34. Qd8 f3 35. Re8 Qc1+ 36. Re1 Qxb2 37. h3 fxg2 38. Bd4 Rf1+ 39. Rxf1 gxf1=Q+
40. Kxf1 Qb1+ 0-1

[Event "Baku Open 2023"]
[Site "Baku AZE"]
[Date "2023.05.04"]
[Round "1.2"]
[White "Predke, Alexandr"]
[Black "Atakishiyev, Elmar"]
[Result "1-0"]
[WhiteTitle "GM"]
[BlackTitle "FM"]
[WhiteElo "2685"]
[BlackElo "2363"]
[WhiteFideId "24107581"]
[BlackFideId "13410547"]
[EventDate "2023.05.04"]

1. e4 e6 2. d4 d5 3. e5 c5 4. c3 Nc6 5. Nf3 Qb6 6. Be2 cxd4 7. cxd4 Nge7 8. Na3
Nf5 9. Nc2 Bd7 10. O-O a5 11. Kh1 Nb4 12. Ne3 Nxe3 13. fxe3 Be7 14. a3 Nc6 15.
Bd3 O-O 16. e4 dxe4 17. Bxe4 Rad8 18. Ng5 g6 19. Nxh7 Kxh7 20. Qh5+ Kg8 21. Bxg6
fxg6 22. Qxg6+ Kh8 23. Qh5+ Kg8 24. Bh6 1-0

[Event "Baku Open 2023"]
[Site "Baku AZE"]
[Date "2023.05.04"]
[Round "1.3"]
[White "Talibov, Shiroghlan"]
[Black "Korobov, Anton"]
[Result "0-1"]
[WhiteTitle "FM"]
[BlackTitle "GM"]
[WhiteElo "2359"]
[BlackElo "2664"]
[WhiteFideId "13429078"]
[BlackFideId "14105730"]
[EventDate "2023.05.04"]

1. e4 c5 2. Nf3 e6 3. c3 Nf6 4. e5 Nd5 5. d4 cxd4 6. cxd4 b6 7. Bd3 Ba6 8. O-O
Bxd3 9. Qxd3 Nc6 10. Bg5 Be7 11. Bxe7 Ncxe7 12. Nbd2 O-O 13. Ne4 Nf5 14. Rac1 h6
15. g3 Rc8 16. a3 Rxc1 17. Rxc1 Qa8 18. Ned2 Rc8 19. Rxc8+ Qxc8 20. Qc4 Qb7 21.
h3 b5 22. Qc5 a6 23. Kh2 g5 24. Ne4 Kg7 25. Nfd2 Qa8 26. Kg1 Kg6 27. Kh2 Kg7 28.
Kg1 Qb7 29. Kh2 Nfe7 30. Qd6 Nf5 31. Qc5 Qb8 32. Kg1 a5 33. Kh2 a4 34. Nc3 Nxc3
35. bxc3 Qb7 36. Kg1 h5 37. Kh2 g4 38. h4 Qd5 39. Qxd5 exd5 40. Kg2 Kg6 41. Nf1
d6 42. exd6 Nxd6 43. Ne3 Nc4 44. Nxc4 bxc4 45. f3 gxf3+ 46. Kxf3 Kf5 47. g4+
hxg4+ 48. Kg3 f6 49. h5 Kg5 50. h6 Kxh6 51. Kxg4 Kg6 52. Kf4 f5 53. Ke5 Kg5 54.
Kxd5 f4 0-1

[Event "Baku Open 2023"]
[Site "Baku AZE"]
[Date "2023.05.04"]
[Round "1.4"]
[White "Mamedov, Rauf"]
[Black "Dushyant, Sharma"]
[Result "1/2-1/2"]
[WhiteTitle "GM"]
[BlackTitle "IM"]
[WhiteElo "2646"]
[BlackElo "2355"]
[WhiteFideId "13401653"]
[BlackFideId "25065130"]
[EventDate "2023.05.04"]

1. Nf3 d5 2. g3 e6 3. Bg2 Nf6 4. O-O Be7 5. c4 O-O 6. b3 b6 7. Bb2 Bb7 8. e3 c5
9. cxd5 Nxd5 10. d4 Nc6 11. Nc3 Nxc3 12. Bxc3 Rc8 13. dxc5 Bxc5 14. Ne5 Qe7 15.
Qg4 Nxe5 16. Bxe5 f5 17. Qe2 Bxg2 18. Kxg2 Qb7+ 19. Qf3 Qxf3+ 20. Kxf3 Ba3 21.
Rfd1 Rfd8 22. Rab1 Be7 23. Rxd8+ Rxd8 24. Rc1 Rd5 25. Bb8 Rd7 26. Rc6 Kf7 27. h4
Rb7 28. Bf4 Bc5 29. Rc8 Rd7 30. h5 Kf6 31. Bb8 Bd6 32. Bxd6 Rxd6 33. Rc7 a5 34.
Rb7 h6 35. a4 g6 36. hxg6 Kxg6 37. Ke2 e5 38. Kf3 Kg5 39. Rg7+ Kf6 40. Rb7 Kg5
41. Ke2 e4 42. Rb8 Kf6 43. f3 Kg5 44. Rg8+ Kf6 45. Rf8+ Kg5 46. fxe4 fxe4 47.
Rf4 Rd3 48. b4 axb4 49. Rxe4 Rb3 50. Kf3 Kf5 51. Rh4 Rb1 52. Rh5+ Kg6 53. Rb5 b3
54. Rxb6+ Kg5 55. Rb5+ Kf6 56. Ke4 b2 57. a5 Ra1 58. Rxb2 Ra4+ 59. Kf3 Rxa5 60.
Rb6+ Kg5 61. Re6 h5 62. Re8 Ra1 63. Rg8+ Kf6 64. Rb8 Rf1+ 65. Ke2 Rg1 66. Kf2
Ra1 67. Rb2 Kg5 68. Rb5+ Kg4 69. Rb4+ Kg5 70. Rf4 Ra2+ 71. Kf3 Ra1 72. Rd4 Rf1+
73. Ke2 Rg1 74. Kf2 Ra1 75. Rd8 Kf5 76. Rf8+ Kg5 77. e4 Ra2+ 78. Kf3 Ra3+ 79.
Kg2 Ra2+ 80. Rf2 Ra4 81. Rf5+ Kg4 82. Rf4+ Kg5 83. Kh3 Ra2 84. Rf5+ Kg6 85. g4
hxg4+ 86. Kxg4 Re2 87. Kf3 Re1 88. Ra5 Kf6 1/2-1/2

[Event "Baku Open 2023"]
[Site "Baku AZE"]
[Date "2023.05.04"]
[Round "1.5"]
[White "Mammadova, Gulnar"]
[Black "Abasov, Nijat"]
[Result "0-1"]
[WhiteTitle "IM"]
[BlackTitle "GM"]
[WhiteElo "2349"]
[BlackElo "2634"]
[WhiteFideId "13403508"]
[BlackFideId "13402960"]
[EventDate "2023.05.04"]

1. e4 c5 2. Nf3 d6 3. Bb5+ Nd7 4. a4 Nf6 5. Nc3 g6 6. O-O Bg7 7. a5 a6 8. Bc4
O-O 9. Re1 b5 10. axb6 Nxb6 11. Bf1 Bb7 12. Ra2 a5 13. b3 Bc6 14. Bb2 a4 15.
bxa4 Nxa4 16. Nxa4 Rxa4 17. Rxa4 Bxa4 18. e5 Nd5 19. Qa1 Bc6 20. exd6 Bxb2 21.
Qxb2 exd6 22. g3 Qb8 23. Qxb8 Rxb8 24. Bg2 Rb2 25. c3 Nf6 26. d4 Ng4 27. dxc5
dxc5 28. Rf1 Bb5 29. Rd1 Kg7 30. h3 Be2 31. Re1 Bxf3 32. hxg4 Bxg4 33. Bd5 Kf6
34. Re8 Rc2 35. c4 Be6 36. Kg2 Bxd5+ 37. cxd5 Rd2 38. Kf3 Rxd5 39. Ke4 Rd4+ 40.
Ke3 h5 41. Rc8 Rd5 42. Ke4 Re5+ 43. Kf4 g5+ 44. Kf3 g4+ 45. Kf4 Rf5+ 46. Ke3 Ke6
47. Rd8 Rf3+ 48. Ke2 Ke5 49. Rh8 Rf5 50. Rd8 Ke4 51. Rd7 c4 52. Ke1 c3 53. Ke2
Rc5 54. Re7+ Kd4 55. Kd1 Rf5 56. Rd7+ Kc5 57. Rc7+ Kd6 58. Rxc3 Rxf2 59. Ke1 Rf5
60. Ke2 Ke5 0-1

[Event "Baku Open 2023"]
[Site "Baku AZE"]
[Date "2023.05.04"]
[Round "1.6"]
[White "Sethuraman, S.P."]
[Black "Naghdiyev, Niyazi"]
[Result "1-0"]
[WhiteTitle "GM"]
[BlackTitle "FM"]
[WhiteElo "2639"]
[BlackElo "2349"]
[WhiteFideId "5021596"]
[BlackFideId "13405519"]
[EventDate "2023.05.04"]

1. e4 c6 2. d4 d5 3. e5 Bf5 4. Nf3 e6 5. Be2 Nd7 6. O-O h6 7. Nbd2 Ne7 8. Nb3
Qc7 9. Bd2 Be4 10. Rc1 Rd8 11. Ne1 c5 12. c4 dxc4 13. Bxc4 Bc6 14. Nd3 Nb6 15.
Ba5 cxd4 16. Nbc5 Ned5 17. Nb3 Ne7 18. Re1 Qb8 19. Nf4 g6 20. Nc5 Rc8 21. Bxb6
axb6 22. Ncxe6 fxe6 23. Bxe6 Rd8 24. Nxg6 Nxg6 25. Qh5 Rh7 26. Qxg6+ Ke7 27.
Qf6+ Ke8 28. Qg6+ Ke7 29. Bg4 1-0

[Event "Baku Open 2023"]
[Site "Baku AZE"]
[Date "2023.05.04"]
[Round "1.7"]
[White "Garayev, Kanan"]
[Black "Indjic, Aleksandar"]
[Result "0-1"]
[WhiteTitle "IM"]
[BlackTitle "GM"]
[WhiteElo "2346"]
[BlackElo "2618"]
[WhiteFideId "13406671"]
[BlackFideId "911925"]
[EventDate "2023.05.04"]

1. d4 Nf6 2. Nf3 e6 3. Bf4 d5 4. e3 c5 5. c3 Nc6 6. Nbd2 Nh5 7. Bg3 Be7 8. Bd3
Nxg3 9. hxg3 h6 10. Ne5 Nxe5 11. dxe5 Qc7 12. Nf3 Bd7 13. Qe2 a6 14. e4 O-O-O
15. exd5 exd5 16. c4 Qa5+ 17. Qd2 Qxd2+ 18. Nxd2 Bc6 19. Nf3 b5 20. cxd5 Bxd5
21. a4 Kb7 22. Be2 Kb6 23. O-O g5 24. axb5 axb5 25. Rfe1 Be6 26. Red1 Rxd1+ 27.
Rxd1 Ra8 28. Rd2 Ra1+ 29. Kh2 g4 30. Nh4 c4 31. f4 gxf3 32. Bxf3 Bc5 33. g4 Ra2 0-1

[Event "Baku Open 2023"]
[Site "Baku AZE"]
[Date "2023.05.04"]
[Round "1.8"]
[White "Gareyev, Timur"]
[Black "Gomes, Mary Ann"]
[Result "1-0"]
[WhiteTitle "GM"]
[BlackTitle "WGM"]
[WhiteElo "2602"]
[BlackElo "2336"]
[WhiteFideId "14200937"]
[BlackFideId "5013623"]
[EventDate "2023.05.04"]

1. d4 Nf6 2. c4 e6 3. Nf3 c5 4. d5 exd5 5. cxd5 d6 6. e4 g6 7. Bd3 Bg7 8. O-O
Bg4 9. Qa4+ Nfd7 10. Nbd2 O-O 11. Rb1 a6 12. Qc2 b5 13. b3 Nb6 14. a4 Bd7 15.
Bb2 Bxb2 16. Qxb2 f6 17. h3 Ra7 18. Ra1 Rc7 19. axb5 axb5 20. Rfc1 Qc8 21. Qa3
Qb7 22. Qa5 Nc8 23. Ra2 Rf7 24. Nd4 Na7 25. Rca1 cxd4 26. Qxa7 Qxa7 27. Rxa7 Bc8
28. Ra8 Nd7 29. Bxb5 Nc5 30. b4 Nb7 31. Bc6 Kg7 32. Nc4 Rfe7 33. b5 1-0

[Event "Baku Open 2023"]
[Site "Baku AZE"]
[Date "2023.05.04"]
[Round "1.9"]
[White "Balajayeva, Khanim"]
[Black "Kovalev, Vladislav"]
[Result "1-0"]
[WhiteTitle "WGM"]
[BlackTitle "GM"]
[WhiteElo "2327"]
[BlackElo "2612"]
[WhiteFideId "13406396"]
[BlackFideId "13504398"]
[EventDate "2023.05.04"]

1. e4 e5 2. Nf3 Nc6 3. Bb5 a6 4. Ba4 Nf6 5. O-O Be7 6. Re1 b5 7. Bb3 d6 8. c3
O-O 9. d4 Bg4 10. Be3 exd4 11. cxd4 Na5 12. Bc2 Nc4 13. Bc1 c5 14. b3 Na5 15. d5
Nd7 16. Nbd2 Bf6 17. Rb1 Bc3 18. Re3 b4 19. h3 Bh5 20. g4 Bg6 21. Nf1 c4 22. Ng3
Re8 23. Kg2 Nb7 24. bxc4 Na5 25. h4 h6 26. h5 Bh7 27. g5 Nxc4 28. Re2 Nde5 29.
Nxe5 Nxe5 30. gxh6 gxh6 31. Ba4 Qf6 32. f4 Ng4 33. Bxe8 Rxe8 34. Kh3 Qg7 35. Rg2
Nf6 36. Nf5 Qxg2+ 37. Kxg2 Rxe4 38. Nxh6+ Kg7 39. f5 Re1 40. Qf3 Be5 41. Ng4
Nxg4 42. Qxg4+ Kh8 43. Rxb4 1-0

[Event "Baku Open 2023"]
[Site "Baku AZE"]
[Date "2023.05.04"]
[Round "1.10"]
[White "Safarli, Eltaj"]
[Black "Bashirli, Nail"]
[Result "1-0"]
[WhiteTitle "GM"]
[BlackTitle "IM"]
[WhiteElo "2601"]
[BlackElo "2326"]
[WhiteFideId "13402129"]
[BlackFideId "13406809"]
[EventDate "2023.05.04"]

1. e4 c5 2. Nf3 d6 3. Nc3 Nf6 4. e5 dxe5 5. Nxe5 a6 6. g3 Nbd7 7. d4 e6 8. Be3
cxd4 9. Bxd4 Qc7 10. Qe2 Bc5 11. Bxc5 Nxc5 12. Bg2 O-O 13. O-O-O Bd7 14. Rd4 Bb5
15. Qe3 Rac8 16. Rd2 Ncd7 17. Re1 Nxe5 18. Qxe5 Qxe5 19. Rxe5 Bc6 20. Bxc6 Rxc6
21. h3 Rfc8 22. Nd1 g6 23. Ne3 Kf8 24. g4 h6 25. f4 Rc5 26. Rxc5 Rxc5 27. Rd8+
Kg7 28. Rd6 h5 29. Rb6 Rc7 30. a4 hxg4 31. hxg4 Kf8 32. Rb4 Ke7 33. b3 Nd7 34.
Kb2 Nf6 35. a5 Nd7 36. g5 f6 37. Nc4 Nc5 38. Nb6 f5 39. Rc4 Kd6 40. Rd4+ Ke7 41.
b4 Nd7 42. Nxd7 Rxd7 43. Rxd7+ Kxd7 44. Kc3 e5 45. fxe5 Ke6 46. Kd4 f4 47. Ke4
f3 48. Kxf3 Kxe5 49. Ke3 Kf5 50. c4 1-0

[Event "Baku Open 2023"]
[Site "Baku AZE"]
[Date "2023.05.04"]
[Round "1.11"]
[White "Klek, Hanna Marie"]
[Black "Mendonca, Leon Luke"]
[Result "0-1"]
[WhiteTitle "WGM"]
[BlackTitle "GM"]
[WhiteElo "2324"]
[BlackElo "2596"]
[WhiteFideId "24670057"]
[BlackFideId "35028561"]
[EventDate "2023.05.04"]

1. e4 c5 2. Nf3 d6 3. d4 cxd4 4. Nxd4 Nf6 5. Nc3 a6 6. Be2 e5 7. Nb3 Be7 8. O-O
O-O 9. Qd3 Be6 10. Bd2 b6 11. Nd5 Nxd5 12. exd5 Bc8 13. f4 a5 14. a4 f5 15. Qg3
Bf6 16. Bb5 Ra7 17. Be3 Nd7 18. fxe5 Bxe5 19. Bf4 Bxf4 20. Qxf4 Ne5 21. Nd4 g5
22. Qd2 Qf6 23. Ne6 Bxe6 24. dxe6 Qxe6 25. Rad1 f4 26. Qxd6 Re7 27. Qxe6+ Rxe6
28. Rde1 Kg7 29. Re4 Rd8 30. Bd3 Kf6 31. Rfe1 Rdd6 32. Be2 Rd2 33. Bd1 Re7 34.
h3 Ng6 35. Rxe7 Nxe7 36. Bg4 Nf5 37. Bxf5 Kxf5 38. Rb1 f3 39. gxf3 Kf4 40. h4
gxh4 41. c3 Kg3 42. Rf1 Rxb2 43. f4 Rg2+ 44. Kh1 Rh2+ 45. Kg1 Rd2 46. f5 Rd7 47.
c4 Rc7 48. f6 Rf7 49. c5 bxc5 50. Rc1 Rxf6 51. Rxc5 h6 52. Rc2 Rf4 53. Rg2+ Kf3
54. Ra2 Ke3 55. Kg2 Kd3 56. Kh3 Kc3 0-1

[Event "Baku Open 2023"]
[Site "Baku AZE"]
[Date "2023.05.04"]
[Round "1.12"]
[White "Harsha, Bharathakoti"]
[Black "Ahmad, Khagan"]
[Result "1-0"]
[WhiteTitle "GM"]
[BlackTitle "FM"]
[WhiteElo "2608"]
[BlackElo "2321"]
[WhiteFideId "5078776"]
[BlackFideId "13431552"]
[EventDate "2023.05.04"]

1. d4 Nf6 2. c4 e6 3. Nc3 Bb4 4. e3 O-O 5. Bd3 d5 6. a3 Bxc3+ 7. bxc3 c5 8. Ne2
dxc4 9. Bxc4 Qc7 10. Bd3 e5 11. dxe5 Qxe5 12. O-O Bf5 13. Bxf5 Qxf5 14. f3 Nc6
15. e4 Qe6 16. Qa4 a6 17. Be3 b5 18. Qc2 Qc4 19. Qa2 Qxa2 20. Rxa2 Nd7 21. Rd1
Nce5 22. Bf2 c4 23. Nf4 Nf6 24. Rad2 h6 25. Rd6 Rfc8 26. Bd4 Re8 27. Ra1 Re7 28.
h4 Kh7 29. a4 Ne8 30. Rd5 Nd3 31. Nxd3 cxd3 32. axb5 Nc7 33. Rf5 axb5 34. Rxa8
Nxa8 35. Rxb5 Nc7 36. Rb2 Ne6 37. Kf2 f5 38. exf5 Nf4 39. Rd2 1-0

[Event "Baku Open 2023"]
[Site "Baku AZE"]
[Date "2023.05.04"]
[Round "1.13"]
[White "Mustafayev, Farid"]
[Black "Sanal, Vahap"]
[Result "1/2-1/2"]
[WhiteTitle "FM"]
[BlackTitle "GM"]
[WhiteElo "2316"]
[BlackElo "2582"]
[WhiteFideId "13408771"]
[BlackFideId "6300545"]
[EventDate "2023.05.04"]

1. c4 c6 2. Nf3 d5 3. e3 Nf6 4. Be2 Bg4 5. b3 e6 6. Bb2 Nbd7 7. h3 Bh5 8. cxd5
cxd5 9. d3 Qa5+ 10. Kf1 Bxf3 11. gxf3 Rc8 12. a3 Bd6 13. Nd2 O-O 14. Rg1 e5 15.
Rc1 Qb6 16. Kg2 Bb8 17. d4 Rcd8 18. Qc2 Qe6 19. Bd3 g6 20. dxe5 Bxe5 21. f4 Bxb2
22. Qxb2 d4 23. Bc4 Qf5 24. Qxd4 Nc5 25. Qb2 Nd3 26. Bxd3 Rxd3 27. Nf3 Nd5 28.
Rc4 Re8 29. Rd4 Rc8 30. Rc1 Rxc1 31. Qxc1 Rxd4 32. Nxd4 Qe4+ 33. Nf3 b5 34. Qc5
a6 35. Qc8+ Kg7 36. Qxa6 Qc2 37. Nd4 Qe4+ 38. Nf3 Qc2 39. Nd4 Qe4+ 40. Kg3 Qh1
41. Qd6 Qg1+ 42. Kf3 Qf1 43. Qd7 Nc3 44. Qg4 Nb1 45. Qg2 Nd2+ 46. Kg3 Qd1 47. f5
Nxb3 48. Nxb3 Qxb3 49. Qf3 Qxa3 50. f6+ Kg8 51. Qd5 Qf8 52. Qxb5 Qd6+ 53. Kg2
Qxf6 54. Qd5 h5 55. Kg3 Qa1 56. Kg2 Qf6 57. Kg3 Qa1 58. Kg2 Qf6 1/2-1/2

[Event "Baku Open 2023"]
[Site "Baku AZE"]
[Date "2023.05.04"]
[Round "1.14"]
[White "Bernadskiy, Vitaliy"]
[Black "Mohamed, Anees M"]
[Result "1/2-1/2"]
[WhiteTitle "GM"]
[BlackTitle "FM"]
[WhiteElo "2619"]
[BlackElo "2317"]
[WhiteFideId "14100371"]
[BlackFideId "35065815"]
[EventDate "2023.05.04"]

1. e4 c5 2. Nf3 Nc6 3. Bb5 e6 4. O-O Nge7 5. Nc3 a6 6. Bxc6 Nxc6 7. d4 cxd4 8.
Nxd4 Nxd4 9. Qxd4 b5 10. Bf4 Bb7 11. Rad1 f6 12. Bd6 Bxd6 13. Qxd6 Bc6 14. Qc5
Qe7 15. Rd6 Rc8 16. Rfd1 O-O 17. Qe3 f5 18. exf5 Rxf5 19. Ne2 Rcf8 20. f3 e5 21.
Ng3 Rf4 22. R6d2 Qe6 23. a3 Re8 24. Re1 Qf7 25. Qa7 h5 26. Ne4 Rf8 27. Rde2 Qg6
28. Qc5 Rxf3 29. Qxe5 R3f4 30. h3 Kh7 31. Nd2 R8f5 32. Qe3 Rf6 33. c3 R4f5 34.
Ne4 Re6 35. Qg3 Rfe5 36. Qxg6+ Kxg6 37. Ng3 Rxe2 38. Rxe2 h4 39. Rxe6+ dxe6 40.
Ne2 e5 41. Kf2 Kf5 42. g3 Ke4 43. gxh4 Kd3 44. Ng3 Bd7 45. Nh5 g6 46. Nf6 Bxh3
47. Nd5 Kc2 48. b4 Kb3 49. Ke3 Bf5 50. Nc7 Kxa3 51. Nxa6 Kb3 52. Kd2 e4 53. Nc7
Kc4 54. Ke3 Bd7 55. Kxe4 Kxc3 56. Nd5+ Kb3 57. Kd4 Bc6 58. Ne7 Be8 59. Kc5 Kc3
60. Nd5+ Kd3 61. Nf6 Bf7 62. Kxb5 Kd4 63. Kc6 Bc4 64. Kd6 Ke3 65. Ng4+ Kf4 66.
Ne5 Ba6 67. Nxg6+ Kg4 68. Kc5 Kh5 69. Kb6 Bf1 70. Ne5 Kxh4 71. Nf3+ Kh5 72. Nd2
Bd3 73. Kc5 Ba6 74. Nf3 Be2 75. Ne5 Ba6 76. b5 Bxb5 77. Kxb5 1/2-1/2

[Event "Baku Open 2023"]
[Site "Baku AZE"]
[Date "2023.05.04"]
[Round "1.15"]
[White "Wagh, Suyog"]
[Black "Asadli, Vugar"]
[Result "0-1"]
[WhiteTitle "FM"]
[BlackTitle "GM"]
[WhiteElo "2313"]
[BlackElo "2584"]
[WhiteFideId "25071688"]
[BlackFideId "13405764"]
[EventDate "2023.05.04"]

1. d4 Nf6 2. c4 g6 3. g3 Bg7 4. Bg2 O-O 5. Nc3 d6 6. Nf3 Nbd7 7. O-O e5 8. e4 c6
9. h3 Qa5 10. Re1 exd4 11. Nxd4 Ne5 12. Bf1 Qb6 13. Be3 c5 14. Nc2 Be6 15. b3
Nfd7 16. Nd5 Qd8 17. Rb1 Re8 18. Bg2 a6 19. a4 Rb8 20. Nf4 Qc7 21. Nd5 Bxd5 22.
exd5 Nf6 23. Na3 Re7 24. Qc2 Rbe8 25. Bd2 h5 26. Bc3 Qc8 27. f4 Ned7 28. Kf1 Nh7
29. Bxg7 Kxg7 30. Qc3+ Kg8 31. Nc2 Ndf6 32. Qd3 Qd8 33. Rxe7 Rxe7 34. Re1 Nd7
35. Qc3 Rxe1+ 36. Nxe1 a5 37. Nf3 Nb8 38. Nd2 Na6 39. Kf2 Nb4 40. Bf3 Qf8 41. h4
Qe7 42. Ne4 b6 43. Bg2 Na6 44. Bf3 Nc7 45. Bg2 Ne8 46. Qe3 Qd7 47. Qc3 Qe7 48.
Qe3 Nef6 49. Nxf6+ Qxf6 50. Bf3 Kf8 51. Kg1 Qb2 52. Kh1 Nf6 53. Kg1 Ng8 54. Bg2
Kg7 55. Bh3 Nf6 56. f5 Qb1+ 57. Kh2 Qc2+ 58. Kg1 Qd1+ 59. Kg2 Qc2+ 60. Kf3 Nd7
61. fxg6 Ne5+ 62. Kf4 fxg6 63. Be6 Kf6 64. Bc8 Qg2 65. Qc3 Qe2 66. Bh3 Kf7 67.
Be6+ Ke7 68. g4 Qf2+ 69. Ke4 hxg4 70. Qe3 Qxh4 71. Qf4 Qh1+ 72. Ke3 Qc1+ 73. Ke4
Qc2+ 0-1

[Event "Baku Open 2023"]
[Site "Baku AZE"]
[Date "2023.05.04"]
[Round "1.16"]
[White "Romanov, Evgeny"]
[Black "Ansat, Aldiyar"]
[Result "1-0"]
[WhiteTitle "GM"]
[BlackTitle "IM"]
[WhiteElo "2578"]
[BlackElo "2317"]
[WhiteFideId "4148843"]
[BlackFideId "13715658"]
[EventDate "2023.05.04"]

1. e4 c5 2. Nf3 Nc6 3. Bb5 e6 4. O-O Nge7 5. d4 cxd4 6. Nxd4 Ng6 7. Be3 Be7 8.
c3 O-O 9. Nd2 Nxd4 10. cxd4 d5 11. e5 Bd7 12. Bd3 f5 13. exf6 Bxf6 14. Nf3 Be8
15. Re1 Qd6 16. Qd2 Nh4 17. Ne5 Nf5 18. Bxf5 exf5 19. Bf4 Qb6 20. Rac1 Bc6 21.
Nf3 Rae8 22. Rxe8 Bxe8 23. h3 h6 24. Bc7 Qa6 25. Qb4 Bh5 26. Bd6 Rd8 27. Be7 Re8
28. Bxf6 Bxf3 29. Be5 Qg6 30. g3 f4 31. Qb3 Qe4 32. Qxb7 Qg6 33. Qc6 Re6 34. Qc3
Be4 35. Bxf4 Kh7 36. Be5 Qf5 37. g4 Qg5 38. f4 Qh4 39. f5 Rxe5 40. dxe5 h5 41.
Qe3 hxg4 42. Qf4 Qxh3 43. Qh2 Bxf5 44. Rc6 d4 45. Rd6 d3 46. b4 Kg8 47. Qxh3
gxh3 48. b5 1-0

[Event "Baku Open 2023"]
[Site "Baku AZE"]
[Date "2023.05.04"]
[Round "1.17"]
[White "Guliev, Sarhan"]
[Black "Iskandarov, Misratdin"]
[Result "0-1"]
[WhiteTitle "GM"]
[BlackTitle "GM"]
[WhiteElo "2308"]
[BlackElo "2592"]
[WhiteFideId "13400231"]
[BlackFideId "13400312"]
[EventDate "2023.05.04"]

1. d4 Nf6 2. c4 e6 3. Nc3 Bb4 4. e3 O-O 5. Bd3 d5 6. Nf3 c5 7. O-O Nc6 8. cxd5
exd5 9. dxc5 Bxc5 10. h3 a6 11. b3 Re8 12. Bb2 Qd6 13. Ne2 Ba7 14. Ned4 Ne4 15.
Bxe4 dxe4 16. Nxc6 Qxc6 17. Rc1 Qe6 18. Nd4 Qg6 19. f4 Bxh3 20. Qd2 Rad8 21. f5
Bxf5 22. Rc7 Bb8 23. Rxb7 Be6 24. Qc3 Be5 25. Qa5 Qg5 0-1

[Event "Baku Open 2023"]
[Site "Baku AZE"]
[Date "2023.05.04"]
[Round "1.18"]
[White "Pantsulaia, Levan"]
[Black "Toncheva, Nadya"]
[Result "1-0"]
[WhiteTitle "GM"]
[BlackTitle "FM"]
[WhiteElo "2597"]
[BlackElo "2295"]
[WhiteFideId "13602071"]
[BlackFideId "2924056"]
[EventDate "2023.05.04"]

1. c4 c5 2. Nf3 Nc6 3. Nc3 e5 4. g3 g6 5. Bg2 Bg7 6. d3 Nge7 7. Nd2 O-O 8. Nf1
a6 9. Ne3 Rb8 10. O-O d6 11. Ned5 b5 12. a3 Bg4 13. h3 Be6 14. Rb1 Qd7 15. Kh2
bxc4 16. dxc4 Na5 17. Nxe7+ Qxe7 18. b3 Bf5 19. Be4 Bxe4 20. Nxe4 Qb7 21. Nc3
Rfd8 22. Bg5 f6 23. Be3 Qf7 24. Nd5 Rd7 25. Qd3 Nc6 26. b4 cxb4 27. axb4 f5 28.
Qa3 Rdb7 29. Qxa6 Nxb4 30. Qxd6 Nxd5 31. Qxb8+ Rxb8 32. Rxb8+ 1-0

[Event "Baku Open 2023"]
[Site "Baku AZE"]
[Date "2023.05.04"]
[Round "1.19"]
[White "Heinemann, Josefine"]
[Black "Suleymanli, Aydin"]
[Result "0-1"]
[WhiteTitle "WGM"]
[BlackTitle "GM"]
[WhiteElo "2274"]
[BlackElo "2560"]
[WhiteFideId "12900460"]
[BlackFideId "13413937"]
[EventDate "2023.05.04"]

1. e4 e6 2. d4 d5 3. Nd2 c5 4. exd5 Qxd5 5. Ngf3 cxd4 6. Bc4 Qd7 7. O-O Nc6 8.
Nb3 Nf6 9. Qe2 a6 10. a4 Qc7 11. Rd1 Be7 12. Nbxd4 O-O 13. Nxc6 bxc6 14. Qe5 Qb7
15. Bg5 Bd7 16. Qe2 Rfd8 17. c3 a5 18. Rd2 h6 19. Bh4 Be8 20. Rad1 Rxd2 21. Rxd2
Nd5 22. Bxd5 cxd5 23. Bxe7 Qxe7 24. Rxd5 Bxa4 25. Rd2 Qb7 26. Nd4 Rc8 27. h3 Be8
28. Qe5 Qb6 29. Nf3 a4 30. Qd6 Qxd6 31. Rxd6 Rb8 32. Rd2 f6 33. Nd4 Kf7 34. h4
g5 35. hxg5 hxg5 36. f3 f5 37. Ne2 e5 38. Nc1 Bb5 39. Na2 Ke6 40. Nb4 Bc4 41.
Kf2 Rh8 42. Nd3 Rc8 43. Nb4 Bb3 44. Rd3 f4 45. Rd2 Bc4 46. Rd1 Rh8 47. Nc6 Bd5
48. Nb4 Bb3 49. Re1 Rd8 50. Nc6 Rd2+ 51. Re2 Rxe2+ 52. Kxe2 g4 53. fxg4 Bd5 54.
Nb4 Bxg2 55. c4 e4 56. Kf2 Bh3 57. Nd5 Ke5 58. g5 Bf5 59. Ne7 e3+ 60. Ke1 Bd3
61. g6 f3 0-1

[Event "Baku Open 2023"]
[Site "Baku AZE"]
[Date "2023.05.04"]
[Round "1.20"]
[White "Petrov, Nikita"]
[Black "Hilverda, Alexander"]
[Result "1-0"]
[WhiteTitle "GM"]
[WhiteElo "2547"]
[BlackElo "2287"]
[WhiteFideId "4101286"]
[BlackFideId "4695437"]
[EventDate "2023.05.04"]

1. Nf3 d5 2. g3 Bg4 3. Ne5 Bf5 4. c4 c6 5. Qb3 Nd7 6. d4 Nxe5 7. dxe5 Qd7 8.
cxd5 Qxd5 9. Qxd5 cxd5 10. Nc3 Rc8 11. e4 dxe4 12. Bb5+ Bd7 13. Bxd7+ Kxd7 14.
Nxe4 e6 15. O-O Rc4 16. Rd1+ Ke8 17. Bg5 f6 18. Nd2 Rc2 19. Be3 Ne7 20. exf6
gxf6 21. Bxa7 Nc6 22. Be3 Rxb2 23. Rdb1 Rb4 24. a3 Rxb1+ 25. Rxb1 Bxa3 26. Rxb7
Be7 27. Ne4 f5 28. Rc7 Nd8 29. Bg5 Bxg5 30. Nxg5 h6 31. Nf3 Rg8 32. Ne5 f4 33.
Kg2 Rg5 34. Nf3 Rg6 35. Nd4 fxg3 36. hxg3 Rf6 37. Ne2 Rf7 38. Rc5 Ke7 39. Nf4
Kd6 40. Rc8 Kd7 41. Ra8 Nc6 42. Nd3 Ke7 43. Rc8 Nd4 44. Rh8 Rf6 45. Ne5 Nf5 46.
f4 Ne3+ 47. Kf3 Nf5 48. Kf2 Nd6 49. Kf3 Nf5 50. g4 Nd4+ 51. Ke3 Nc2+ 52. Ke4 Nb4
53. Rh7+ Ke8 54. Rg7 Nd5 55. Ng6 Kd8 56. Ke5 h5 57. g5 Rf5+ 58. Kxe6 Ne3 59.
Rd7+ Ke8 60. Rd3 1-0

[Event "Baku Open 2023"]
[Site "Baku AZE"]
[Date "2023.05.04"]
[Round "1.21"]
[White "Aradhya, Garg"]
[Black "Guliyev, Namig"]
[Result "1/2-1/2"]
[WhiteTitle "FM"]
[BlackTitle "GM"]
[WhiteElo "2305"]
[BlackElo "2538"]
[WhiteFideId "25006746"]
[BlackFideId "13400363"]
[EventDate "2023.05.04"]

1. d4 d5 2. Nf3 Nf6 3. c4 dxc4 4. e3 e6 5. Bxc4 a6 6. O-O c5 7. Nbd2 Nc6 8. dxc5
Bxc5 9. a3 a5 10. Qc2 Qe7 11. e4 O-O 12. e5 Ng4 13. Ne4 Ngxe5 14. Nxe5 Nxe5 15.
Bg5 f6 16. Nxc5 fxg5 17. Rfe1 Nxc4 18. Qxc4 Qf6 19. Re2 b6 20. Nxe6 Ba6 21. Qd5
Qf5 22. Qd4 Qf6 1/2-1/2